<?xml version="1.0" encoding="UTF-8"?>
<marc:record xmlns:marc="http://www.loc.gov/MARC21/slim">
   <marc:leader>00000nam a2200000 a 4500</marc:leader>
   <marc:datafield ind1=" " ind2=" " tag="653">
      <marc:subfield code="a">Winter</marc:subfield>
   </marc:datafield>
   <marc:datafield ind1=" " ind2=" " tag="653">
      <marc:subfield code="a">Sommer</marc:subfield>
   </marc:datafield>
   <marc:datafield ind1=" " ind2=" " tag="653">
      <marc:subfield code="a">Frühling</marc:subfield>
   </marc:datafield>
   <marc:datafield ind1=" " ind2=" " tag="653">
      <marc:subfield code="a">Jahreszeit</marc:subfield>
   </marc:datafield>
   <marc:datafield ind1=" " ind2=" " tag="653">
      <marc:subfield code="a">Eule</marc:subfield>
   </marc:datafield>
   <marc:datafield ind1=" " ind2=" " tag="653">
      <marc:subfield code="a">Herbst</marc:subfield>
   </marc:datafield>
   <marc:datafield ind1=" " ind2=" " tag="653">
      <marc:subfield code="a">Lieder</marc:subfield>
   </marc:datafield>
   <marc:datafield ind1=" " ind2=" " tag="653">
      <marc:subfield code="a">Tonie</marc:subfield>
   </marc:datafield>
   <marc:datafield ind1="0" ind2="0" tag="245">
      <marc:subfield code="a">Jahreszeitenlieder</marc:subfield>
   </marc:datafield>
   <marc:datafield ind1="0" ind2="0" tag="245">
      <marc:subfield code="b">Lieblingskinderlieder</marc:subfield>
   </marc:datafield>
   <marc:datafield ind1="1" ind2=" " tag="520">
      <marc:subfield code="a">01 - Es war eine Mutter&lt;br/&gt;02 - Ich lieb den Frühling&lt;br/&gt;03 - Kuckuck, Kuckuck, ruft‘s aus dem Wald&lt;br/&gt;04 - Singt ein Vogel&lt;br/&gt;05 - Es tönen die Lieder&lt;br/&gt;06 - Hey, kleiner Osterhase&lt;br/&gt;07 - Komm, lieber Mai, und mache&lt;br/&gt;08 - Trarira, der Sommer, der ist da&lt;br/&gt;09 - Wenn der Sommer kommt&lt;br/&gt;10 - Ich bin ein Sommerkind&lt;br/&gt;11 - Weißt du, wie der Sommer riecht?&lt;br/&gt;12 - Beim großen Wiesensommerfest&lt;br/&gt;13 - Bunt sind schon die Wälder&lt;br/&gt;14 - Der Herbst ist da&lt;br/&gt;15 - Herr Bst&lt;br/&gt;16 - Laterne, Laterne&lt;br/&gt;17 - A, a, a, der Winter, der ist da&lt;br/&gt;18 - Wunderschöne Winterzeit&lt;br/&gt;19 - Lasst uns froh und munter sein&lt;br/&gt;20 - Hurra, es schneit&lt;br/&gt;21 - Morgen, Kinder, wird‘s was geben&lt;br/&gt;22 - Winterschlaf (Kleine Igel schlafen gern ...)&lt;br/&gt;23 - Das Jahreszeitenlied</marc:subfield>
   </marc:datafield>
   <marc:datafield ind1=" " ind2=" " tag="300">
      <marc:subfield code="e">Tonie - Lieder</marc:subfield>
   </marc:datafield>
   <marc:datafield ind1=" " ind2=" " tag="338">
      <marc:subfield code="a">Gegenstand</marc:subfield>
   </marc:datafield>
</marc:record>
